000 01391cam a22003374a 4500
999 _c129087
_d129087
001 14589275
003 ARRUPE
005 20190222091522.0
008 061010s2006 nyua b 001 0 eng c
010 _a 2006281125
020 _a0385517254 (pbk.)
020 _a0385517823
020 _a9780385517256 (pbk.)
035 _a(OCoLC)ocm65166960
040 _aOCO
_cOCO
_dBAKER
_dTPN
_dUMC
_dOCLCQ
_dYDX
_dDLC
042 _apcc
050 0 0 _aHD58.9
_b.S46 2006
082 0 0 _a658.4
_222
100 1 _aSenge, Peter M.
_944847
245 1 4 _aThe fifth discipline :
_bthe art and practice of the learning organization /
_cPeter M. Senge.
250 _aRev. ed.
260 _aLondon:
_bRandom House Business Books,
_cc2006.
300 _axviii, 445 p. :
_bill. ;
_c23 cm.
504 _aIncludes bibliographical references and index.
650 0 _aOrganizational effectiveness.
_944848
650 0 _aTeams in the workplace.
_935340
856 4 2 _3Publisher description
_uhttp://www.loc.gov/catdir/enhancements/fy0703/2006281125-d.html
856 4 1 _3Sample text
_uhttp://www.loc.gov/catdir/enhancements/fy0703/2006281125-s.html
856 4 2 _3Contributor biographical information
_uhttp://www.loc.gov/catdir/enhancements/fy0703/2006281125-b.html
906 _a7
_bcbc
_cpccadap
_d2
_encip
_f20
_gy-gencatlg
942 _2lcc
_cMONOGRAPH